Miasta województwa Wielkopolskiego według opisu - Statystyki

Ogólne statystyki
  • Ten quiz został rozwiązany 21 razy
  • Średni wynik to 6 z 13
Statystyki odpowiedzi
Opis Miasto % Poprawnych
Pierwsza stolica Polski Gniezno
100%
Główny ośrodek Zagłębia Węgla Brunatnego Konin
76%
Rozpoczął się tam strajk dzieci w 1901r. Września
71%
Znajduje się tam największy w Polsce zakład karny typu zamkniętego Wronki
62%
Miasto i nazwa drzewa Buk
57%
Siedziba najbardziej wysuniętego na północ powiatu województwa Wielkopolskiego Złotów
48%
Największe miasto w województwie bez własnego powiatu; leży w Aglomeracji Poznańskiej Luboń
43%
Nazwa miasta podobna do Olsztyna Wolsztyn
43%
Znajduje się tam biblioteka założona w 1828r. Miasto w powiecie poznańskim Kórnik
29%
Miasto i nazwa jeziora w województwie Zachodniopomorskim Dąbie
19%
Na północ od miasta rozciąga się Drawieński Park Narodowy, na południe Puszcza Notecka. Krzyż Wielkopolski
19%
Z języka niemieckiego Schneidemühl Piła
14%
W okresie PRL powstały tam np. Spółdzielnia Pracy Wytwórczo-Usługowa "Dziewiarka" i zakład wikliniarsko-koszykarski Wielkopolskiego Przedsiębiorstwa Wikliniarskiego "Las" Pyzdry
0%
Nie znaleziono quizów pasujących do podanych kryteriów
Rozkład punktacji
Procent ludzi z każdym wynikiem
Percentyl według liczby udzielonych odpowiedzi
Twoja historia wyników
Nie rozwiązałeś tego quizu